000 00326nam a2200145 i 4500
001 bg
100 1 _aCERDYNCEV, V. V.
245 0 _aUran-234 /
_cV.V. Čerdyncev.
260 _aMoskva,
_c1969.
040 _cBPK
041 _apol
080 _a546.791:621.039.86
942 _cKS
008 s pl f |000 0 pol
999 _c12815
_d12815
856 _uhttp://koha.tu.koszalin.pl/cgi-bin/koha/opac-detail.pl?biblionumber=12815
_yKatalog online BPK